| 000 | 00992nam a2200253Ia 4500 | ||
|---|---|---|---|
| 003 | OSt | ||
| 005 | 20241011162828.0 | ||
| 008 | 200731s9999 xx 000 0 und d | ||
| 020 | _a750602764X | ||
| 020 | _a9787506027649 | ||
| 040 | _c0 | ||
| 041 | _achi | ||
| 050 |
_aBR115.C8 _b.Z42 2007 |
||
| 100 | _a赵林 | ||
| 245 |
_a暮色中的十字架 : _b赵林随思录 / _c赵林 |
||
| 246 |
_a暮色中的十字架 : _b趙林隨思錄/ |
||
| 260 |
_a北京: _b東方出版社, _c2007 |
||
| 300 |
_a2, 183 p. _b; _c24 cm. |
||
| 505 | _a在这些随感和反思中,既记载了作者在许多具体境遇中的生存体验,也反映了我对于一些文化现象的理论分析;字里行间既熔铸了炽烈的情感,也体现了冷峻的理性。 本书收集了多年来作者对于人生经历的一些感受,以及对于文化问题的一些思考。 | ||
| 650 | _aChristianity and culture. | ||
| 650 | _aConduct of life. | ||
| 650 | _aPhilosophy. | ||
| 942 |
_2ddc _cCB |
||
| 999 |
_c105 _d105 |
||